Manly Words Quiz Stats

 Plays Quiz Updated Feb 24, 2020

Support Sporcle.
Go Orange.
Score 0/25 Timer 05:00
0 Plays Today
Definition Word % Correct
A gymnast's outfitLEOtard
89.6%
A lynxBOBcat
88.9%
Japanese warriorSAMurai
77.9%
Silly or nonsensical behaviorTOMfoolery
76.7%
Person receiving income from an estate trustBENeficiary
69.9%
Proceeds received every time a song is soldROYalties
69.8%
Nervous or easily frightenedTIMorous
62.4%
Well-spokenARTiculate
58.3%
A smooth, synthetic fabricRAYon
56.2%
White stone used in statuesALabaster
52.9%
Relating to one's birthNATal
50.3%
To see something that's not thereHALlucinate
48.4%
The largest possible quantityMAXimum
47.5%
Definition Word % Correct
Produce or createGENErate
45.1%
A device for measuring diameter or thicknessCALiper
39.9%
A large structureEDifice
37.6%
Walking together as a group in stepMARChing
36.7%
Not strictLENient
35.7%
Boring or mundaneTEDious
34.8%
A bed on a ship or trainBERTh
34%
A person who promotes or advertises a productMARKeter
31.9%
To stop the flow, often of bloodSTANch
24.3%
Long medieval sword with a forward sloping cross hiltCLAYmore
23.8%
Cookie made of egg whites, sugar, and almondsMACaroon
13%
Favorable to or promoting health and well-beingSALubrious
8.5%

From the Vault

World Leaders Venn Diagram

by Darzlat

History 2m
Ask not what quizzes can do for you -- ask what you can do for quizzes.
Remove Ads.
Support Sporcle.
Get the best of Sporcle when you Go Orange. This ad-free experience offers more features, more stats, and more fun while also helping to support Sporcle. Thank you for becoming a member.

Show Comments

Extras

Top Quizzes Today


Score Distribution

Your Account Isn't Verified!

In order to create a playlist on Sporcle, you need to verify the email address you used during registration. Go to your Sporcle Settings to finish the process.

Report this User

Report this user for behavior that violates our Community Guidelines.

Details: